| 000 | 00422nam a2200181Ia 4500 | ||
|---|---|---|---|
| 001 | 24160 | ||
| 005 | 20260414151025.0 | ||
| 008 | 260414t1972||||xx |||||||||||||| ||spa|| | ||
| 041 | _aESP | ||
| 082 |
_a791.4 _bM86 |
||
| 100 |
_aMorin, Edgar _eAUT |
||
| 245 | 0 |
_aEl cine o el hombre imaginario _b |
|
| 260 | _c1972 | ||
| 300 |
_a291 páginas : _c18 cm. |
||
| 650 | _aABD | ||
| 654 | _aCAU | ||
| 942 |
_cLIB _dJUS _fJUS _2ddc _n |
||
| 999 |
_c24160 _d24160 |
||